000 00678nam a22002177a 4500
005 20260326112153.0
008 260326b |||||||| |||| 00| 0 eng d
020 _a9788123923888
040 _cAL
041 _aEnglish
082 _a005.41
_bKRIC
100 _aV Krishnamurthi
_9259394
245 _aControl systems
260 _aNew Delhi
_bCBS Publishing and Distributors Pvt Ltd
_c2016
300 _axviii,734p.
_bPB
_c24x17cm.
365 _aVBI-2645
_b₹431.25
_c
_d₹575.00
_e25%
_f20-02-2026
650 _aFeedback Control System
_9259395
650 _aLaplace Transforms
_9259396
650 _aAnalogous Systems and Computer Simulation
_9259397
942 _2ddc
_cBK
999 _c241068
_d241068